The ethical philosophy of al-Ghazzali. 1,4, al- Ghazzali's theory of ethics : it's practical aspects /
محفوظ في:
المؤلف الرئيسي:
التنسيق: كتاب
اللغة: English
منشور في:
Aligarh, India :
Muslim University,
1951.
الموضوعات:
الوسوم: إضافة وسم
لا توجد وسوم, كن أول من يضع وسما على هذه التسجيلة!
رقم الطلب: B753 .G34 U35 v.1/4
| LEADER | 00855nam a2200241Ii 4500 | ||
|---|---|---|---|
| 001 | 7351 | ||
| 003 | OSt | ||
| 005 | 20250910120759.0 | ||
| 008 | 130303s1951 ii 000 0beng d | ||
| 035 | |a ocm03303184 | ||
| 040 | |c ARCE Library | ||
| 050 | 4 | |a B753 .G34 U35 v.1/4 | |
| 100 | 1 | |a Umaruddin, M. |q (Muhammad), |e author |9 41443 | |
| 245 | 1 | 4 | |a The ethical philosophy of al-Ghazzali. 1,4, al- Ghazzali's theory of ethics : |b it's practical aspects / |c by M. Umaruddin. |
| 246 | 3 | |a Ghazzālī's theory of ethics : its practical aspects. | |
| 264 | 1 | |a Aligarh, India : |b Muslim University, |c 1951. | |
| 300 | |a [8], [287]-465 pages ; |c 23 cm. | ||
| 500 | |a Represents part IV of volume 1 of al-Ghazzālī's main work. | ||
| 600 | 1 | 0 | |a Ghazzālī, |d 1058-1111 |x Ethics. |
| 650 | 0 | |a Islamic ethics |x History. | |
| 901 | |a reviewed | ||
| 942 | |c BK |2 lcc | ||
| 999 | |c 4666 |d 4666 | ||
